Information systems in documentation
Guardat en:
| Autors principals: | , , |
|---|---|
| Format: | Llibre |
| Idioma: | anglès |
| Publicat: |
Nueva York
Interscience
1957
|
| Col·lecció: | Advances in Documentation and Library Science
|
| Matèries: | |
| Etiquetes: |
Afegir etiqueta
Sense etiquetes, Sigues el primer a etiquetar aquest registre!
|
MARC
| LEADER | 00000nam a2200000 a 4500 | ||
|---|---|---|---|
| 001 | UCT6180 | ||
| 003 | CL-VaPUC | ||
| 005 | 20230111074204.0 | ||
| 008 | 970106e19570000us 1 eng d | ||
| 082 | 0 | 4 | |a 025 |b SHE |2 21 |
| 100 | 1 | |a Shera, J. H |e author |9 618160 | |
| 700 | 1 | |a Kent, A |e author |9 618161 | |
| 700 | 1 | |a Perry, J. W |e author |9 618162 | |
| 245 | 1 | 0 | |a Information systems in documentation |
| 260 | |a Nueva York |b Interscience |c 1957 | ||
| 300 | |a 2 v | ||
| 490 | 0 | |a Advances in Documentation and Library Science | |
| 583 | |a last modification |c 19970106 00:00:00 |k Rodrigo Vera | ||
| 650 | 0 | 7 | |a DOCUMENTACION |2 CL-VaPUC |9 256928 |
| 650 | 0 | 7 | |a CIENCIA DE LA INFORMACION |2 CL-VaPUC |9 257252 |
| 650 | 0 | 0 | |a Información |9 256927 |
| 650 | 0 | 7 | |a CONOCIMIENTO |2 CL-VaPUC |9 308991 |
| 650 | 0 | 0 | |a Sistemas de información |9 260286 |
| 942 | |c BK | ||
| 945 | |a paguirre |d 19970106 00:00:00 | ||
| 546 | |a En Inglés | ||
| 518 | |p Symposium on Systems for Information Retrieval, Cleveland, 15 al 17 de Abril de 1957 | ||
| 999 | |c 382809 |d 382807 | ||
| 952 | |0 0 |1 0 |4 0 |6 025_000000000000000_SHE_1957 |7 0 |8 P |9 504698 |a BIBDER |b BIBDER |d 2020-01-23 |h v.2 |i 1800167 |o 025 SHE 1957 |p 1800167 |r 2023-01-25 |w 2020-01-23 |y BK |k DER | ||